{"text_format":"3","workbook":"xlsx","n_sheets":1,"sheets":["Proposta_PVC ESGOTO"],"not_rendered":{"images":1,"defined_names":1},"read":"whole","date_system":"1900"}

{"sheet":"Proposta_PVC ESGOTO","index":0,"n_rows":137,"n_cols":17,"rows_kept":137,"merged":[[7,0,7,16]]}
{"$rows_empty":7}
["DADOS DA LICITANTE"]
["RAZÃO SOCIAL:"]
["CNPJ:"]
["ENDEREÇO:"]
["TELEFONE/FAX/E-MAIL:"]
["DADOS BANCÁRIOS (OPCIONAL):"]
[]
["ITEM","DESCRIÇÃO","UND","CARANGOLA","JEQUERI","LAJINHA","LIMA DUARTE","POCRANE","PONTE NOVA","RIO DOCE","SENADOR FIRMINO","VERMELHO NOVO","VIÇOSA","TOTAL","VALOR UNITÁRIO","VALOR TOTAL","MARCA"]
[1,"ADAPTADOR  PVC  PONTA  COLETOR  ESGOTO OCRE X BOLSA TUBO CERÂMICO 100MM, COM ANÉIS, NORMAS: NBR 7362-1","Pç.",5,null,25,null,10,null,30,null,null,20,{"$f":"SUM(D16:M16)","v":90}]
[2,"ADAPTADOR  PVC  PONTA  COLETOR  ESGOTO OCRE X BOLSA TUBO CERÂMICO 150MM, COM ANÉIS, NORMAS: NBR 7362-1","Pç.",5,null,25,null,10,{"$nulls":4},20,60]
[3,"ADAPTADOR  PVC  PONTA  COLETOR  ESGOTO OCRE X BOLSA TUBO CERÂMICO 250MM, COM ANÉIS, NORMAS: NBR 7362-1","Pç.",10,{"$nulls":3},20,{"$nulls":4},20,50]
[4,"ADAPTADOR  PVC  PONTA  COLETOR  ESGOTO OCREX BOLSA TUBO CERÂMICO 200MM, COM ANÉIS, NORMAS: NBR 7362-1","Pç.",5,{"$nulls":3},10,{"$nulls":4},10,25]
[5,"ADAPTADOR PVC BOLSA ELÁSTICA ESGOTO PRIMÁRIO 100MMX PONTA COLETOR ESGOTO OCRE 110MM, NORMAS: NBR 5688","Pç.",null,null,10,{"$nulls":3},30,null,null,50,90]
[6,"ADAPTADOR PVC BOLSA ELÁSTICA ESGOTO PRIMÁRIO 150MMX PONTA COLETOR ESGOTO OCRE 110MM, NORMAS: NBR 5688","Pç.",null,null,5,null,10,null,30,null,null,20,65]
[7,"CAP  PVC  COLETOR  ESGOTO  OCRE  100MM, COM ANÉIS, INJETADO NORMAS: NBR 7362-1","Pç.",30,null,10,100,5,50,20,5,null,50,{"$f":"SUM(D22:M22)","v":270}]
[8,"CAP  PVC  COLETOR  ESGOTO  OCRE  150MM, COM ANÉIS, INJETADO NORMAS: NBR 7362-1","Pç.",30,null,10,100,5,50,20,5,null,10,230]
[9,"CAP  PVC  COLETOR  ESGOTO  OCRE  200MM, COM ANÉIS, COM ANÉIS, INJETADO NORMAS: NBR 7362-1","Pç.",10,null,null,10,5,50,null,2,null,10,87]
[10,"CAP  PVC  COLETOR  ESGOTO  OCRE  250MM, COM ANÉIS, INJETADO NORMAS: NBR 7362-1","Pç",10,{"$nulls":3},5,{"$nulls":4},10,25]
[11,"CAP PVC ESGOTO PRIMÁRIO SÉRIE NORMAL 100MM, COM ANÉIS, INJETADO NORMAS: NBR5688","Pç.",20,null,100,50,5,50,20,null,30,20,295]
[12,"CAP PVC ESGOTO PRIMÁRIO SÉRIE NORMAL 150MM, COM ANÉIS,  INJETADO NORMAS:NBR5688","Pç.",20,null,50,50,5,50,20,null,null,20,215]
[13,"CAP PVC ESGOTO PRIMÁRIO SÉRIE NORMAL 200MM, COM ANÉIS, INJETADO NORMAS: NBR5688","Pç.",10,{"$nulls":3},5,{"$nulls":4},20,35]
[14,"CAP PVC ESGOTO PRIMÁRIO SÉRIE NORMAL 50MM, COM ANÉIS, INJETADO NORMAS: NBR 5688","Pç.",10,{"$nulls":5},50,null,null,20,80]
[15,"CAP PVC ESGOTO PRIMÁRIO SÉRIE NORMAL 75MM, COM ANÉIS, INJETADO NORMAS: NBR 5688","Pç.",10,{"$nulls":8},20,30]
[16,"CURVA  CURTA  90°  PVC  ESGOTO  PRIMÁRIO SÉRIE    NORMAL    DN    50MM,    COM    ANÉIS, INJETADO NORMAS: NBR 5688","Pç.",10,{"$nulls":3},10,null,50,null,null,50,{"$f":"SUM(D31:M31)","v":120}]
[17,"CURVA  CURTA  90°  PVC  ESGOTO  PRIMÁRIO SÉRIE   NORMAL   DN   100MM,   COM   ANÉIS, NORMAS: NBR 5688","Pç.",30,{"$nulls":3},10,100,50,null,100,50,340]
[18,"CURVA  LONGA  45°  PVC  ESGOTO  PRIMÁRIO SÉRIE   NORMAL   DN   100MM,   COM   ANÉIS, INJETADO NORMAS: NBR 5688","Pç.",10,{"$nulls":4},50,50,null,null,50,160]
[19,"CURVA  LONGA  45°  PVC  ESGOTO  PRIMÁRIO SÉRIE   NORMAL   DN   150MM,   COM   ANÉIS, INJETADO NORMAS: NBR 5688","Pç.",10,{"$nulls":3},50,50,20,null,null,50,180]
[20,"CURVA  LONGA  45°  PVC  ESGOTO  PRIMÁRIO SÉRIE   NORMAL   DN   200MM,   COM   ANÉIS, INJETADO NORMAS: NBR 5688","Pç.",10,{"$nulls":3},5,{"$nulls":4},10,25]
[21,"CURVA  LONGA  PVC  22º  COLETORA  ESGOTO OCRE   PONTA   BOLSA   100MM,   COM   ANÉIS, NORMAS: NBR 7362-1","Pç.",100,{"$nulls":4},30,50,50,null,80,310]
[22,"CURVA  LONGA  PVC  22º  COLETORA  ESGOTO OCRE   PONTA   BOLSA   150MM,   COM   ANÉIS, NORMAS: NBR 7362-1","Pç.",100,{"$nulls":5},20,null,null,80,200]
[23,"CURVA  LONGA  PVC  22º  COLETORA  ESGOTO OCRE   PONTA   BOLSA   200MM,   COM   ANÉIS, NORMAS: NBR 7362-1","Pç.",15,{"$nulls":8},40,55]
[24,"CURVA  LONGA  PVC  45º  COLETORA  ESGOTO OCRE   PONTA   BOLSA   100MM,   COM   ANÉIS, NORMAS: NBR 7362-1","Pç.",100,null,30,null,null,10,20,50,null,200,410]
[25,"CURVA  LONGA  PVC  45º  COLETORA  ESGOTO OCRE   PONTA   BOLSA   150MM,   COM   ANÉIS, NORMAS: NBR 7362-1","Pç.",50,null,20,null,5,50,20,null,null,100,245]
[26,"CURVA  LONGA  PVC  45º  COLETORA  ESGOTO OCRE   PONTA   BOLSA   200MM,   COM   ANÉIS, NORMAS: NBR 7362-1","Pç.",15,{"$nulls":4},10,{"$nulls":3},20,45]
[27,"CURVA  LONGA  PVC  45º  COLETORA  ESGOTO OCRE   PONTA   BOLSA   250MM,   COM   ANÉIS NORMAS: NBR 7362-1","Pç.",15,{"$nulls":8},20,35]
[28,"CURVA  LONGA  PVC  45º  COLETORA  ESGOTO OCRE   PONTA   BOLSA   300MM,   COM   ANÉIS, NORMAS: NBR 7362-1","Pç.",15,{"$nulls":8},20,35]
[29,"CURVA  LONGA  PVC  90º  COLETORA  ESGOTO OCRE   PONTA   BOLSA   100MM,   COM   ANÉIS, NORMAS: NBR 7362-1","Pç.",15,null,30,{"$nulls":3},20,null,null,400,465]
[30,"CURVA  LONGA  PVC  90º  COLETORA  ESGOTO OCRE   PONTA   BOLSA   150MM,   COM   ANÉIS, NORMAS: NBR 7362-1","Pç.",15,null,20,null,50,10,20,null,null,150,265]
[31,"CURVA  LONGA  PVC  90º  COLETORA  ESGOTO OCRE   PONTA   BOLSA   200MM,   COM   ANÉIS, NORMAS: NBR 7362-1","Pç.",10,{"$nulls":4},5,{"$nulls":3},20,35]
[32,"CURVA  LONGA  PVC  90º  COLETORA  ESGOTO OCRE   PONTA   BOLSA   250MM,   COM   ANÉIS, NORMAS: NBR 7362-1","Pç.",10,{"$nulls":8},20,30]
[33,"CURVA  LONGA  PVC  90º  COLETORA  ESGOTO OCRE   PONTA   BOLSA   300MM,   COM   ANÉIS, NORMAS: NBR 7362-1","Pç.",10,{"$nulls":8},10,20]
[34,"CURVA CURTA 45° PVC ESGOTO PRIMÁRIO SÉRIE NORMAL DN 100MM, COM ANÉIS, INJETADO NORMAS: NBR 5688","Pç.",50,null,200,null,10,200,50,null,null,50,{"$f":"SUM(D49:M49)","v":560}]
[35,"CURVA CURTA PVC  90º COLETORA ESGOTO OCRE   PONTA   BOLSA   100MM,   COM   ANÉIS, NORMAS: NBR 7362-1","Pç",50,null,200,null,null,100,50,null,null,200,600]
[36,"CURVA LONGA 90° PVC ESGOTO PRIMÁRIO SÉRIE NORMAL 200MM, COM ANÉIS, INJETADO NORMAS: NBR 5688","Pç.",20,{"$nulls":4},5,{"$nulls":3},10,35]
[37,"CURVA LONGA 90° PVC ESGOTO PRIMÁRIO SÉRIE NORMAL DN 100MM, COM ANÉIS, INJETADO NORMAS: NBR 5688","Pç.",20,null,150,null,null,30,50,null,null,20,270]
[38,"CURVA LONGA 90° PVC ESGOTO PRIMÁRIO SÉRIE NORMAL DN 150MM, COM ANÉIS, INJETADO NORMAS: NBR 5688","Pç.",20,null,50,null,null,50,20,null,null,10,150]
[39,"JOELHO  45°  PVC  ESGOTO  PRIMÁRIO  SÉRIE NORMAL  100MM,  COM  ANÉIS, INJETADO NORMAS:  NBR 5688","Pç.",500,null,150,100,30,null,100,20,null,25,925]
[40,"JOELHO  45°  PVC  ESGOTO  PRIMÁRIO  SÉRIE NORMAL  150MM,  COM  ANÉIS,  NORMAS:  NBR 5688","Pç.",20,null,150,100,50,40,20,null,null,10,390]
[41,"JOELHO  45°  PVC  ESGOTO  PRIMÁRIO  SÉRIE NORMAL  200MM,  COM  ANÉIS,  INJETADO NORMAS:  NBR 5688","Pç.",20,{"$nulls":3},50,{"$nulls":4},10,80]
[42,"JOELHO  45°  PVC  ESGOTO  PRIMÁRIO  SÉRIE NORMAL DN 75MM, COM ANÉIS, INJETADO NORMAS: NBR 5688","Pç.",20,{"$nulls":8},25,45]
[43,"JOELHO  90°  PVC  ESGOTO  PRIMÁRIO  SÉRIE NORMAL  50MM,  COM  ANÉIS, INJETADO NORMAS:  NBR 5688","Pç.",20,{"$nulls":5},50,null,null,50,120]
[44,"JOELHO  90°  PVC  ESGOTO  PRIMÁRIO  SÉRIE NORMAL  75MM,  COM  ANÉIS, INJETADO NORMAS:  NBR 5688","Pç.",20,{"$nulls":8},50,70]
[45,"JOELHO  90°  PVC  ESGOTO  PRIMÁRIO  SÉRIE NORMAL DN 100MM, COM ANÉIS, INJETADO NORMAS: NBR 5688","Pç.",100,null,200,200,null,50,50,20,null,50,670]
[46,"JOELHO  90°  PVC  ESGOTO  PRIMÁRIO  SÉRIE NORMAL DN 150MM, COM ANÉIS, INJETADO NORMAS: NBR 5688","Pç.",20,null,100,200,null,10,20,null,null,20,370]
[47,"JOELHO  90°  PVC  ESGOTO  PRIMÁRIO  SÉRIE NORMAL DN 200MM, COM ANÉIS, INJETADO NORMAS: NBR 5688","Pç.",10,{"$nulls":4},5,{"$nulls":3},20,35]
[48,"JOELHO PVC ESGOTO OCRE JE 100MM X 45º C/ANEL, NORMAS: NBR 7362-1","PÇ",150,null,50,200,null,50,50,10,null,200,{"$f":"SUM(D63:M63)","v":710}]
[49,"JOELHO PVC ESGOTO OCRE JE 100MM X 90º C/ANEL, NORMAS: NBR 7362-1","Pç",150,null,100,200,null,20,50,10,null,200,730]
[50,"JOELHO PVC ESGOTO OCRE JE 150MM X 90º C/ANEL, NORMAS: NBR 7362-1","Pç",30,null,50,200,null,100,30,null,null,100,510]
[51,"JUNÇÃO    PVC    45º    REDUÇÃO    COLETORA ESGOTO  OCRE  BBB  150MM  X  100MM,  COM ANÉIS, NORMAS: NBR 7362-1","Pç.",30,null,50,50,null,null,10,null,null,20,160]
[52,"JUNÇÃO  PVC  45º  COLETORA  ESGOTO  BBB 150MM X 150MM,  COM ANÉIS,  NORMAS:  NBR 7362-1","Pç.",30,null,50,50,null,null,10,null,null,10,150]
[53,"JUNÇÃO  PVC  45º  COLETORA  ESGOTO  BBB 300MM X 300MM,  COM ANÉIS,  NORMAS:  NBR 7362-1","Pç.",5,{"$nulls":8},5,10]
[54,"JUNÇÃO  SIMPLES  PVC,  ESGOTO  PRIMÁRIO SÉRIE  NORMAL  100MMX100MM,  COM  ANÉIS, NORMAS: NBR 5688","Pç.",20,null,150,50,null,100,5,null,null,20,345]
[55,"JUNÇÃO  SIMPLES  PVC,  ESGOTO  PRIMÁRIO SÉRIE  NORMAL  150MMX100MM,  COM  ANÉIS, NORMAS: NBR 5688","Pç.",20,null,100,50,null,null,5,null,null,20,195]
[56,"JUNÇÃO  SIMPLES  PVC,  ESGOTO  PRIMÁRIO SÉRIE  NORMAL  150MMX150MM,  COM  ANÉIS, NORMAS: NBR 5688","Pç.",20,null,100,50,null,30,5,null,null,20,225]
[57,"LUVA       DE       CORRER       DEFOFO       MPVC  BOLSA/BOLSA JE/JEI/JERI COM ANÉIS PARA TUBO PVC DEFOFO DN150MM, NORMAS: NBR 7665/2007","Pç.",30,10,50,10,5,null,20,null,null,50,175]
[58,"LUVA       DE       CORRER       DEFOFO       MPVC BOLSA/BOLSA JE/JEI/JERI COM ANÉIS PARA TUBO PVC DEFOFO DN200MM, NORMAS: NBR 7665/2007","Pç.",10,null,null,10,2,{"$nulls":4},50,72]
[59,"LUVA       DE       CORRER       DEFOFO       MPVC BOLSA/BOLSA JE/JEI/JERI COM ANÉIS PARA TUBO PVC DEFOFO DN300MM, NORMAS: NBR 7665/2007","Pç.",10,{"$nulls":8},30,40]
[60,"LUVA     DE     CORRER     DE     FOFO     MPVC BOLSA/BOLSA JE/JEI/JERI COM ANÉIS PARA TUBO PVC DEFOFO DN100MM, NORMAS: NBR 7665/2007","Pç.",30,10,30,10,null,null,100,null,null,50,230]
[61,"LUVA  DE  CORRER  PVC  ESGOTO  PRIMÁRIO SÉRIE   NORMAL   DN   100MM,   COM   ANÉIS, NORMAS: NBR 5688","Pç.",30,null,500,50,5,100,100,null,100,30,915]
[62,"LUVA  DE  CORRER  PVC  ESGOTO  PRIMÁRIO SÉRIE   NORMAL   DN   150MM,   COM   ANÉIS, NORMAS: NBR 5688","Pç.",20,null,200,50,100,20,50,null,null,30,470]
[63,"LUVA  DE  CORRER  PVC  ESGOTO  PRIMÁRIO SÉRIE NORMAL 200MM, COM ANÉIS, NORMAS: NBR 5688","Pç.",10,{"$nulls":8},10,20]
[64,"LUVA  DE  CORRER  PVC  ESGOTO  PRIMÁRIO SÉRIE NORMAL 75MM, COM ANÉIS, NORMAS: NBR 5688","Pç.",10,null,50,{"$nulls":6},10,70]
[65,"LUVA  PVC  DE  CORRER  COLETORA  ESGOTO OCRE 100MM, COM ANÉIS, NORMAS: NBR 7362- 1","Pç.",30,10,100,50,null,20,100,null,50,50,410]
[66,"LUVA  PVC  DE  CORRER  COLETORA  ESGOTO OCRE 150MM, COM ANÉIS, NORMAS: NBR 7362- 1","Pç.",30,10,50,50,null,20,50,null,50,50,310]
[67,"LUVA  PVC  DE  CORRER  COLETORA  ESGOTO OCRE 200MM, COM ANÉIS, NORMAS: NBR 7362- 1","Pç.",20,{"$nulls":4},5,{"$nulls":3},10,35]
[68,"LUVA  PVC  DE  CORRER  COLETORA  ESGOTO OCRE 250MM, COM ANÉIS, NORMAS: NBR 7362- 1","Pç.",5,{"$nulls":8},10,15]
[69,"LUVA  PVC  DE  CORRER  COLETORA  ESGOTO OCRE 300MM, COM ANÉIS, NORMAS: NBR 7362- 1","Pç.",5,{"$nulls":8},10,15]
[70,"LUVA  PVC  DUPLA  DE  CORRER  COLETORA ESGOTO OCRE 150MM, COM ANÉIS, NORMAS: NBR 7362-1","Pç.",10,2,50,{"$nulls":3},20,null,null,20,102]
[71,"LUVA DE CORRER DE FOFO MPVC BOLSA/BOLSA JE COM ANÉIS PARA TUBO PVC DEFOFO DN100MM, NORMAS: NBR 7665/2007","Pç.",10,10,30,10,null,null,10,5,null,50,125]
[72,"LUVA DE CORRER DEFOFO  MPVC BOLSA/BOLSA JE COM ANÉIS PARA TUBO PVC DEFOFO DN150MM, NORMAS: NBR 7665/2007","Pç.",10,10,30,10,20,null,10,5,null,50,145]
[73,"LUVA DE CORRER DEFOFO  MPVC BOLSA/BOLSA JE COM ANÉIS PARA TUBO PVC DEFOFO DN200MM, NORMAS: NBR 7665/2007","Pç.",5,null,null,10,10,null,null,5,null,30,60]
[74,"LUVA DE CORRER DEFOFO  MPVC BOLSA/BOLSA JE COM ANÉIS PARA TUBO PVC DEFOFO DN300MM, NORMAS: NBR 7665/2007","Pç.",5,{"$nulls":8},30,35]
[75,"LUVA SIMPLES PVC ESGOTO PRIMÁRIO SÉRIE NORMAL  200MM,  COM  ANÉIS,  NORMAS:  NBR 5688","Pç.",10,{"$nulls":8},10,{"$f":"SUM(D90:M90)","v":20}]
[76,"LUVA SIMPLES PVC ESGOTO PRIMÁRIO SÉRIE NORMAL  DN  100MM,  COM  ANÉIS,   NORMAS: NBR 5688","Pç.",20,null,150,50,null,null,100,null,200,10,530]
[77,"LUVA SIMPLES PVC ESGOTO PRIMÁRIO SÉRIE NORMAL  DN  150MM,  COM  ANÉIS,   NORMAS: NBR 5688","Pç.",10,null,50,50,100,null,50,null,50,10,320]
[78,"REDUÇÃO      EXCÊNTRICA      PVC,      ESGOTO PRIMÁRIO SÉRIE NORMAL 100MMX50MM, COM ANÉIS, INJETADO NORMAS: NBR 5688","Pç.",30,{"$nulls":8},10,{"$f":"SUM(D93:M93)","v":40}]
[79,"REDUÇÃO      EXCÊNTRICA      PVC,      ESGOTO PRIMÁRIO SÉRIE NORMAL 100MMX75MM, COM ANÉIS, INJETADO NORMAS: NBR 5688","Pç.",30,{"$nulls":8},10,40]
[80,"REDUÇÃO      EXCÊNTRICA      PVC,      ESGOTO PRIMÁRIO SÉRIE NORMAL 150MMX100MM, COM ANÉIS, INJETADO NORMAS: NBR 5688","Pç.",200,null,100,10,null,100,{"$nulls":3},10,420]
[81,"REDUÇÃO      EXCÊNTRICA      PVC,      ESGOTO PRIMÁRIO SÉRIE NORMAL 200MMX150MM, COM ANÉIS, INJETADO NORMAS: NBR 5688","Pç.",100,{"$nulls":4},200,{"$nulls":3},10,310]
[82,"REDUÇÃO     CONCÊNTRICA     PVC,     ESGOTO PRIMÁRIO SÉRIE NORMAL 150MMX100MM, COM ANÉIS, NORMAS: NBR 5688","Pç.","-",null,100,10,{"$nulls":5},10,120]
[83,"REDUÇÃO     PVC     EXCÊNTRICA     COLETORA ESGOTO OCRE PONTA BOLSA 150MM X 100MM, COM ANÉIS, NORMAS: NBR 7362-1","Pç.",50,null,50,10,null,100,{"$nulls":3},10,220]
[84,"REDUÇÃO     PVC     EXCÊNTRICA     COLETORA ESGOTO OCRE PONTA BOLSA 200MM X 150MM, COM ANÉIS, NORMAS: NBR 7362-1","Pç.",50,{"$nulls":4},200,{"$nulls":3},10,260]
[85,"REDUÇÃO     PVC     EXCÊNTRICA     COLETORA ESGOTO OCRE PONTA BOLSA 250MM X 200MM, COM ANÉIS, NORMAS: NBR 7362-1","Pç.",30,{"$nulls":8},10,40]
[86,"SELIM  COMPACTO  COLETOR  ESGOTO  OCRE JEI 150MM X 100MM, COM ANÉIS, NORMAS: NBR 7362-1","Pç.","-",null,30,{"$nulls":3},30,null,300,300,660]
[87,"SELIM 90º ELÁSTICO COM TRAVAS COLETOR ESGOTO OCRE 150MM X 100MM, COM ANÉIS, NORMAS: NBR 7362-1","Pç.","-",null,30,{"$nulls":3},30,null,null,300,360]
[88,"SELIM COMPACTO JE 150X100 MM AUTO-TRAVANTE ESPECIFICAÇÃO: - SELIM COMPACTO UNIVERSAL PARA LIGAÇÃO DE ESGOTO - SISTEMA AUTO - TRAVANTE; - COM ALETAS DE POSICIONAMENTO E DIRECIONAMENTO AO FURO; - MATERIAL: PVC INJETADO; - DIÂMETRO NOMINAL: 150X100 MM; - DIÂMETRO DE REDE: 150 MM; - DIÂMETRO DE SAÍDA: 100 MM; - ANEL DA BASE E DA BOLSA INCLUSO; - MODELO UNIVERSAL, COMPATÍVEL COM TUBO COLETOR DE ESGOTO LISO, CORRUGADO, MANILHA E PEAD;  - IDENTIFICAÇÃO: FABRICANTE/DN; - SACHE DE PASTA LUBRIFICANTE INCLUSA;  REFERENCIA NORMATIVAS: NBR 10570 - TUBOS E CONEXÕES DE PVC RÍGIDO COM JUNTA ELÁSTICA PARA COLETOR PREDIAL E SISTEMA CONDOMINAL DE ESGOTO SANITÁRIO - TIPOS E DIMENSÕES.","Pç",50,{"$nulls":3},200,null,30,null,250,300,830]
[89,"SERRA COPO BIMETÁLICA Ø105MM PARA FURAR REDE DE PVC \"COLETOR DE ESGOTO\", COMPLETO (CHAVE T + MANDRIL + SERRA COPO).","Pç",5,null,5,1,null,null,1,null,null,30,42]
[90,"TÊ   PVC   90º   REDUÇÃO   COLETOR   ESGOTO OCRE   BBB   150MM   X100MM,   COM   ANÉIS, NORMAS: NBR 7362-1","Pç.",50,null,30,100,null,null,20,null,100,25,{"$f":"SUM(D105:M105)","v":325}]
[91,"TÊ   PVC   90º   REDUÇÃO   COLETOR   ESGOTO OCRE   BBB   200MM   X100MM,   COM   ANÉIS, NORMAS: NBR 7362-1","Pç.",15,null,null,0,{"$nulls":5},25,40]
[92,"TÊ   PVC   90º   REDUÇÃO   COLETOR   ESGOTO OCRE   BBB   200MM   X150MM,   COM   ANÉIS, NORMAS: NBR 7362-1","Pç.",15,null,null,0,{"$nulls":5},25,40]
[93,"TÊ  PVC  90°  COLETOR  ESGOTO  OCRE  BBB 100MM  X100MM,  COM  ANÉIS,  NORMAS:  NBR 7362-1","Pç.",30,null,50,100,null,null,20,null,100,50,350]
[94,"TÊ  PVC  90°  COLETOR  ESGOTO  OCRE  BBB 150MM  X150MM,  COM  ANÉIS,  NORMAS:  NBR 7362-1","Pç.",50,null,50,100,null,null,20,null,50,50,320]
[95,"TÊ  PVC  90°  COLETOR  ESGOTO  OCRE  BBB 200MM  X200MM,  COM  ANÉIS,  NORMAS:  NBR 7362-1","Pç.",30,{"$nulls":8},10,40]
[96,"TÊ  PVC  90°  COLETOR  ESGOTO  OCRE  BBB 250MM  X250MM,  COM  ANÉIS,  NORMAS:  NBR 7362-1","Pç.",10,{"$nulls":8},10,20]
[97,"TÊ  PVC  ESGOTO  PRIMÁRIO  SÉRIE  NORMAL 100MMX50MM, COM ANÉIS, INJETADO NORMAS: NBR 5688","Pç.",10,null,20,{"$nulls":3},20,null,20,50,120]
[98,"TÊ  PVC  ESGOTO  PRIMÁRIO  SÉRIE  NORMAL 100MMX75MM, COM ANÉIS, INJETADO NORMAS: NBR 5688","Pç.",10,null,20,{"$nulls":6},50,80]
[99,"TÊ  PVC  ESGOTO  PRIMÁRIO  SÉRIE  NORMAL 150MMX100MM, COM ANÉIS,INJETADO  NORMAS: NBR 5688","Pç.",10,null,50,null,100,null,20,null,50,50,280]
[100,"TÊ  PVC  ESGOTO  PRIMÁRIO  SÉRIE  NORMAL 150MMX150MM, COM ANÉIS, INJETADO NORMAS: NBR 5688","Pç.",10,null,50,50,30,null,20,null,100,50,310]
[101,"TÊ  PVC  ESGOTO  PRIMÁRIO  SÉRIE  NORMAL 75MMX50MM, COM ANÉIS, INJETADO NORMAS: NBR 5688","Pç.",10,{"$nulls":8},50,60]
[102,"TÊ  PVC  ESGOTO  PRIMÁRIO  SÉRIE  NORMAL 75MMX75MM, COM ANÉIS, INJETADO NORMAS: NBR 5688","Pç.",10,{"$nulls":8},50,60]
[103,"TÊ  PVC,  ESGOTO  PRIMÁRIO  SÉRIE  NORMAL 100MMX100MM, COM ANÉIS, INJETADO NORMAS: NBR 5688","Pç.",50,null,200,200,null,null,20,null,100,50,620]
[104,"TÊ  PVC,  ESGOTO  PRIMÁRIO  SÉRIE  NORMAL 50MMX50MM, COM ANÉIS, INJETADO NORMAS: NBR 5688","Pç.",10,{"$nulls":5},20,null,null,50,80]
[105,"TÊ PVC CURTO REDUÇÃO ESGOTO PRIMÁRIO SÉRIE  NORMAL  200MMX150MM,  COM  ANÉIS, NORMAS: NBR 5688","Pç.","-",{"$nulls":8},10,{"$f":"SUM(D120:M120)","v":10}]
[106,"TUBO     PVC     PONTA/BOLSA     JE     ESGOTO PRIMARIO  DN100  X  06  METROS,  C/ANEL  DE BORRACHA, NORMAS: NBR 5688","Tubo",30,null,250,200,200,400,100,null,null,100,1280]
[107,"TUBO CORRUGADO PARA ESGOTO, SÉRIE DN/DI, DN 800 MM FABRICADO EM POLIETILENO(PE) OU PVC-U, DIÂMETRO INTERNO MÍNIMO:785 MM, SISTEMA PONTA – BOLSA – ANEL, BARRA COM 06(SEIS) METROS DE COMPRIMENTO, CONFORME NBRS 21138-1 E 21138-3.","Tubo",{"$nulls":9},200,200]
[108,"TUBO PVC 150 MM ( MARROM ESGOTO)",{"$nulls":7},50,null,50,null,100]
[109,"TUBO PVC LISO ESGOTO OCRE JEI/JERI 100MM X 6 METROS, C/ANEL DE BORRACHA, NORMAS: - NBR 7362-0","Tubo",200,100,150,500,null,250,100,100,300,400,2100]
[110,"TUBO PVC LISO ESGOTO OCRE JEI/JERI 150MM X 6 METROS, C/ANEL DE BORRACHA, NORMAS: - NBR 7362-0","Tubo",100,100,150,500,null,250,100,200,10,400,1810]
[111,"TUBO PVC LISO ESGOTO OCRE JEI/JERI 200MM X 6 METROS, C/ANEL DE BORRACHA, NORMAS: - NBR 7362-0","Tubo",20,null,null,10,null,50,null,null,10,200,290]
[112,"TUBO PVC LISO ESGOTO OCRE JEI/JERI 250MM  X 6 METROS, C/ANEL DE BORRACHA, NORMAS: - NBR 7362-0","Tubo",10,{"$nulls":4},5,{"$nulls":3},200,215]
[113,"TUBO PVC LISO ESGOTO OCRE JEI/JERI 300MM X 6 METROS, C/ANEL DE BORRACHA, NORMAS: - NBR 7362-0","Tubo",10,{"$nulls":8},100,110]
[114,"TUBO PVC LISO JEI PB COLETOR DE ESGOTO (OCRE) PAREDE MACICA OU NUCLEO CELULAR - NBR 7362, DN 300, COMPRIMENTO DE 6 METROS.","Tubo",10,{"$nulls":7},15,100,125]
[115,"TUBO PVC LISO JEI PB COLETOR DE ESGOTO (OCRE) PAREDE MACICA OU NUCLEO CELULAR - NBR 7362, DN 400, COMPRIMENTO DE 6 METROS.","Tubo",20,{"$nulls":7},15,100,135]
[116,"TUBO PVC PONTA/BOLSA JE ESGOTO PRIMÁRIO DN 200MM X 06 METROS, C/ANEL DE BORRACHA, NORMAS: NBR 5687","Tubo",10,{"$nulls":4},50,{"$nulls":3},30,90]
[117,"TUBO PVC PONTA/BOLSA JE ESGOTO PRIMÁRIO DN 40MM X 06 METROS, C/ANEL DE BORRACHA, NORMAS: NBR 5688","Tubo",10,{"$nulls":5},30,null,null,50,90]
[118,"TUBO PVC PONTA/BOLSA JE ESGOTO PRIMÁRIO DN 50MM X 06 METROS, C/ANEL DE BORRACHA, NORMAS: NBR 5688","Tubo",10,{"$nulls":5},30,null,null,50,90]
[119,"TUBO PVC PONTA/BOLSA JE ESGOTO PRIMÁRIO DN 75MM X 06 METROS, C/ANEL DE BORRACHA, NORMAS: NBR 5688","Tubo",10,null,50,{"$nulls":6},50,110]
[120,"TUBO PVC PONTA/BOLSA JE ESGOTO PRIMÁRIO DN150MM X 06 METROS, C/ANEL DE BORRACHA, NORMAS: NBR 5687","Tubo",30,null,200,50,null,100,100,null,150,20,650]
[121,"VALVULA DE RETENÇÃO    PVC    ESGOTO PRIMÁRIO  SÉRIE  NORMAL  DN  100MM,  COM ANÉIS, INJETADO NORMAS: NBR 568","Pç.",20,{"$nulls":6},50,null,50,{"$f":"SUM(D136:M136)","v":120}]
[122,"VALVULA DE RETENÇÃO    PVC    ESGOTO PRIMÁRIO  SÉRIE  NORMAL  DN  150MM,  COM ANÉIS, INJETADO NORMAS: NBR 5688","Pç.",10,{"$nulls":8},10,20]